Statistiques concernant Rappeurs par lettre - K

Cliquez ici pour prendre le quiz!

Statistiques générales

  • Ce quiz a été pris 231 fois
    (207 depuis la dernière actualisation)
  • Le résultat moyen est 6 sur 18

Statistiques - réponses

Albums notableRappeur% Correct
Mwaka MoonKalash
95%
Or noir, Le bruit de mon âmeKaaris
94%
Oyoki, Sélection naturelleKalash Criminel
79%
VII, L'AffranchiKoba LaD
65%
Vréel, LandKekra
63%
HEARTBREAK LIFEKaza
54%
Tarzan, Peur (singles)Kerchak
43%
SI c'était à refaire, à L'ombre du Show BusinessKery James
28%
Santé & BonheurKofs
27%
500 Key, InséparablesKey Largo
23%
PUZZLE, RubiKIKESA
19%
Savies, Mauvaise graineKanoé
15%
Entre ciment et belle étoile, DésobéissanceKeny Arkana
11%
Temps additionnel, NDRXKpoint
10%
Crise de conscience, Sur le fil du rasoirKool Shen
7%
Street réalité, SofianeKamikaz
6%
Ghettographie, Le charme en personneKamelancien
5%
Au nom des quartiers, Vendredi 13Kalif Hardcore
3%

Distribution des résultats

Percentile par nombre de réponses

% des personnes avec chaque résultat

Votre développement - résultats

Vous n’avez pas pris ce quiz depuis la dernière actualisation